000 00568nam a2200229Ia 4500
003 OSt
005 20220924133122.0
006 a|||||r|||| 00| 0
007 ta
008 220923b |||||||| |||| 00| 0 urd d
024 _a257829
037 _cTextual
040 _aARTS
_cARTS
_burd
041 _2urd
_aurd
082 _aO168,1L97:gx, P3
100 _aAkbar Haideri
_9205707
245 0 _aNawadir-e-Ghalib
260 _c2003
650 _aURDU POETRY
942 _hO168,1L97:gx, P3
_cTEXL
_2CC
999 _c432702
_d432702